000 00605nam a22001937a 4500
003 OSt
005 20251125103029.0
008 251125b |||||||| |||| 00| 0 eng d
020 _a0-87352-379-2.
040 _aDWCL-Main lib
_cOC
082 _aCirc. 808.02 G437m 1988
100 _aGibaldi, Joseph
245 _aMLA handbook for writers of research papers/
_cGibaldi, Joseph
260 _aN.Y. :
_bThe Modern Language Association of America,
_cc1988.
300 _a248 p. ;
_c21 cm.
650 _aReport writing-handbooks, manuals, etc.
700 _aAchtert, Walter S.
942 _2ddc
_cBK-CIRC
_kCirc.
_n0
999 _c6208
_d6208